000 00426nam a2200145Ia 4500
008 151021s9999 xx 000 0 und d
020 _a9966846514
050 _aHF 5635 .N962 2002
245 _a_Basic Accounting Nzele David Nzomo
260 _aKenya University of Nairobi 2002
300 _aviii,449p,;ill
500 _aIncludes index
650 _a_Economic and finance Resource
980 _a^d20110728 05:24:18^oanne
999 _c8099
_d8099